Medicine in literature and art
Wedi'i Gadw mewn:
| Prif Awduron: | , |
|---|---|
| Fformat: | Llyfr |
| Iaith: | Saesneg |
| Cyhoeddwyd: |
Nueva York
Konemann
1991
|
| Pynciau: | |
| Tagiau: |
Ychwanegu Tag
Dim Tagiau, Byddwch y cyntaf i dagio'r cofnod hwn!
|
MARC
| LEADER | 00000nam a2200000 a 4500 | ||
|---|---|---|---|
| 001 | UCQ7691 | ||
| 003 | CL-VaPUC | ||
| 008 | 981113e19910000US |||||||||||||||||eng|d | ||
| 082 | 0 | 4 | |a 610.9 |b CAR |2 21 |
| 100 | 0 | |a Carmichael, Ann G |e author |9 421423 | |
| 700 | 0 | |a Ratzan, Richard M |e author |9 421424 | |
| 245 | 1 | 0 | |a Medicine in literature and art |
| 300 | |a 376 p | ||
| 942 | |c BK | ||
| 945 | |d 19981113 00:00:00 |a rbrito | ||
| 260 | |a Nueva York |b Konemann |c 1991 | ||
| 650 | 0 | |a Historia antigua |9 267521 | |
| 650 | 7 | |a MEDICINA MEDIEVAL |2 CL-VaPUC |9 421425 | |
| 650 | 0 | |a Arte medieval |9 267894 | |
| 650 | 0 | |a Literatura medieval |9 266338 | |
| 650 | 7 | |a MEDICINA ANTIGUA |2 CL-VaPUC |9 335173 | |
| 650 | 0 | |a Renacimiento |9 255107 | |
| 650 | 7 | |a MEDICINA MODERNA |2 CL-VaPUC |9 421426 | |
| 583 | |a last modification |c 19981113 00:00:00 |k Rodrigo Vera | ||
| 999 | |c 277152 |d 277150 | ||
| 952 | |0 0 |1 0 |4 0 |6 610_900000000000000_CAR_1991 |7 0 |8 X |9 314938 |a BIBHIS |b BIBHIS |d 2019-11-20 |i 3482766 |l 1 |m 7 |o 610.9 CAR 1991 |p 3482766 |r 2024-04-11 |s 2022-01-19 |w 2019-11-20 |y BK_X |k HIS | ||